European civil wars after 1900 - Statistics

General Stats
  • This quiz has been taken 1,350 times
  • The average score is 8 of 13
Answer Stats
Hint Answer % Correct
1917-21 Russia
96%
1936-39 Spain
91%
1991-95 Yugoslavia
85%
1946-49 Greece
82%
1922-23 Ireland
67%
1998-99 Kosovo
65%
1934 Austria
63%
1918 Finland
60%
1997 Albania
57%
2001 Macedonia
42%
1963-67 Cyprus
39%
1991-93 Georgia
28%
1969-98 Northern Ireland
17%
No matching quizzes found
Score Distribution
Percent of People with Each Score
Percentile by Number Answered
Your Score History
You have not taken this quiz